Quelles sont nos Spécialités culinaires ? - Statistiques

Statistiques générales
  • Ce quiz a été pris 8 fois
  • Le résultat moyen est 7 sur 12
Statistiques - réponses
Par images Réponse % Correct
Le Breakfast des Mackenzie
100%
Les caramels d’annabelle
100%
Les raviolitas de Melina
100%
Le clebs de Seb
50%
Le Far breton de tonton (ThoTho)
50%
Le houmoush d’Almouche
50%
Le petit Banh Mi
50%
Les cristaux de ZoZo
50%
Les croquettas della plancha de Thomas
50%
Les noisettes de lizzibeth
50%
Les pâtes carbonara de Jada
50%
Les ravilolitas de Mélina
0%
Aucun quiz correspondant
Distribution des résultats
% des personnes avec chaque résultat
Percentile par nombre de réponses
Votre historique - résultats
Vous n’avez pas pris ce quiz